| 000 | 00429nam a2200169Ia 4500 | ||
|---|---|---|---|
| 001 | 18668 | ||
| 005 | 20260306171647.0 | ||
| 008 | 260306s9999||||xx |||||||||||||| ||und|| | ||
| 041 | _aESP | ||
| 082 |
_a658.45 _bA78 |
||
| 100 |
_aArt of Service _eAUT |
||
| 245 | 0 |
_aSoft systems methodology: _bcomplete self-assessment guide |
|
| 300 |
_a126 páginas : _c23 cm. |
||
| 650 | _aGEN | ||
| 654 | _aCHU | ||
| 942 |
_cLIB _dJUS _fJUS _2ddc _n |
||
| 999 |
_c18668 _d18668 |
||